AFC & NFC Championship Game Starting Quarterbacks - Statistics

General Stats
  • This quiz has been taken 206 times
    3 since last reset
  • The average score is 229 of 240
Answer Stats
Year Team Answer % Correct
2020 Green Bay Packers Aaron Rodgers
100%
2019 Green Bay Packers Aaron Rodgers
100%
2016 Green Bay Packers Aaron Rodgers
100%
2014 Green Bay Packers Aaron Rodgers
100%
2010 Green Bay Packers Aaron Rodgers
100%
2011 San Francisco 49ers Alex Smith
100%
2014 Indianapolis Colts Andrew Luck
100%
1967 Green Bay Packers Bart Starr
100%
1966 Green Bay Packers Bart Starr
100%
2016 Pittsburgh Steelers Ben Roethlisberger
100%
2010 Pittsburgh Steelers Ben Roethlisberger
100%
2008 Pittsburgh Steelers Ben Roethlisberger
100%
2005 Pittsburgh Steelers Ben Roethlisberger
100%
2004 Pittsburgh Steelers Ben Roethlisberger
100%
1989 Cleveland Browns Bernie Kosar
100%
1987 Cleveland Browns Bernie Kosar
100%
1986 Cleveland Browns Bernie Kosar
100%
1972 Washington Redskins Billy Kilmer
100%
2017 Jacksonville Jaguars Blake Bortles
100%
1973 Miami Dolphins Bob Griese
100%
1971 Miami Dolphins Bob Griese
100%
1988 Cincinnati Bengals Boomer Esiason
100%
2002 Tampa Bay Buccaneers Brad Johnson
100%
2009 Minnesota Vikings Brett Favre
100%
2007 Green Bay Packers Brett Favre
100%
1997 Green Bay Packers Brett Favre
100%
1996 Green Bay Packers Brett Favre
100%
1995 Green Bay Packers Brett Favre
100%
2023 San Francisco 49ers Brock Purdy
100%
2022 San Francisco 49ers Brock Purdy
100%
2015 Carolina Panthers Cam Newton
100%
2015 Arizona Cardinals Carson Palmer
100%
2017 Minnesota Vikings Case Keenum
100%
1998 Atlanta Falcons Chris Chandler
100%
2013 San Francisco 49ers Colin Kaepernick
100%
2012 San Francisco 49ers Colin Kaepernick
100%
1977 Denver Broncos Craig Morton
100%
1970 Dallas Cowboys Craig Morton
100%
1981 San Diego Chargers Dan Fouts
100%
1980 San Diego Chargers Dan Fouts
100%
1992 Miami Dolphins Dan Marino
100%
1985 Miami Dolphins Dan Marino
100%
1984 Miami Dolphins Dan Marino
100%
1982 Dallas Cowboys Danny White
100%
1981 Dallas Cowboys Danny White
100%
1980 Dallas Cowboys Danny White
100%
1970 Oakland Raiders Daryle Lamonica
100%
1969 Oakland Raiders Daryle Lamonica
100%
1968 Oakland Raiders Daryle Lamonica
100%
1967 Oakland Raiders Daryle Lamonica
100%
2000 Minnesota Vikings Daunte Culpepper
100%
1982 Miami Dolphins David Woodley
100%
1967 Dallas Cowboys Don Meredith
100%
1966 Dallas Cowboys Don Meredith
100%
2008 Philadelphia Eagles Donovan McNabb
100%
2004 Philadelphia Eagles Donovan McNabb
100%
2003 Philadelphia Eagles Donovan McNabb
100%
2002 Philadelphia Eagles Donovan McNabb
100%
2001 Philadelphia Eagles Donovan McNabb
100%
1987 Washington Redskins Doug Williams
100%
1979 Tampa Bay Buccaneers Doug Williams
100%
2025 New England Patriots Drak Maye
100%
1996 New England Patriots Drew Bledsoe
100%
2018 New Orleans Saints Drew Brees
100%
2009 New Orleans Saints Drew Brees
100%
2006 New Orleans Saints Drew Brees
100%
1972 Miami Dolphins Earl Morrall
100%
1968 Baltimore Colts Earl Morrall
100%
2011 New York Giants Eli Manning
100%
2007 New York Giants Eli Manning
100%
1991 Detroit Lions Erik Kramer
100%
1976 Minnesota Vikings Fran Tarkenton
100%
1974 Minnesota Vikings Fran Tarkenton
100%
1973 Minnesota Vikings Fran Tarkenton
100%
2005 Carolina Panthers Jake Delhomme
100%
2003 Carolina Panthers Jake Delhomme
100%
2005 Denver Broncos Jake Plummer
100%
2024 Philadelphia Eagles Jalen Hurts
100%
2022 Philadelphia Eagles Jalen Hurts
100%
2023 Detroit Lions Jared Goff
100%
2018 Los Angeles Rams Jared Goff
100%
2025 Denver Broncos Jarrett Stidham
100%
2010 Chicago Bears Jay Cutler
100%
2024 Washington Commanders Jayden Daniels
100%
1990 New York Giants Jeff Hostetler
100%
1995 Indianapolis Colts Jim Harbaugh
100%
1993 Buffalo Bills Jim Kelly
100%
1992 Buffalo Bills Jim Kelly
100%
1991 Buffalo Bills Jim Kelly
100%
1990 Buffalo Bills Jim Kelly
100%
1988 Buffalo Bills Jim Kelly
100%
1988 Chicago Bears Jim McMahon
100%
1985 Chicago Bears Jim McMahon
100%
2021 San Francisco 49ers Jimmy Garoppolo
100%
2019 San Francisco 49ers Jimmy Garoppolo
100%
1983 Los Angeles Raiders Jim Plunkett
100%
1980 Oakland Raiders Jim Plunkett
100%
2022 Cincinnati Bengals Joe Burrow
100%
2021 Cincinnati Bengals Joe Burrow
100%
2012 Baltimore Ravens Joe Flacco
100%
2011 Baltimore Ravens Joe Flacco
100%
2008 Baltimore Ravens Joe Flacco
100%
1969 Minnesota Vikings Joe Kapp
100%
1993 Kansas City Chiefs Joe Montana
100%
1990 San Francisco 49ers Joe Montana
100%
1989 San Francisco 49ers Joe Montana
100%
1988 San Francisco 49ers Joe Montana
100%
1984 San Francisco 49ers Joe Montana
100%
1983 San Francisco 49ers Joe Montana
100%
1981 San Francisco 49ers Joe Montana
100%
1968 New York Jets Joe Namath
100%
1983 Washington Redskins Joe Theismann
100%
1982 Washington Redskins Joe Theismann
100%
1998 Denver Broncos John Elway
100%
1997 Denver Broncos John Elway
100%
1991 Denver Broncos John Elway
100%
1989 Denver Broncos John Elway
100%
1987 Denver Broncos John Elway
100%
1986 Denver Broncos John Elway
100%
1971 Baltimore Colts Johnny Unitas
100%
1970 Baltimore Colts Johnny Unitas
100%
2024 Buffalo Bills Josh Allen
100%
2020 Buffalo Bills Josh Allen
100%
1981 Cincinnati Bengals Ken Anderson
100%
1977 Oakland Raiders Ken Stabler
100%
1976 Oakland Raiders Ken Stabler
100%
1975 Oakland Raiders Ken Stabler
100%
1974 Oakland Raiders Ken Stabler
100%
1973 Oakland Raiders Ken Stabler
100%
2000 New York Giants Kerry Collins
100%
1996 Carolina Panthers Kerry Collins
100%
2001 Pittsburgh Steelers Kordell Stewart
100%
1997 Pittsburgh Steelers Kordell Stewart
100%
2008 Arizona Cardinals Kurt Warner
100%
2001 St. Louis Rams Kurt Warner
100%
1999 St. Louis Rams Kurt Warner
100%
2023 Baltimore Ravens Lamar Jackson
100%
1969 Kansas City Chiefs Len Dawson
100%
1966 Kansas City Chiefs Len Dawson
100%
1999 Jacksonville Jaguars Mark Brunell
100%
1996 Jacksonville Jaguars Mark Brunell
100%
1991 Washington Redskins Mark Rypien
100%
2010 New York Jets Mark Sanchez
100%
2009 New York Jets Mark Sanchez
100%
2005 Seattle Seahawks Matt Hasselbeck
100%
2025 Los Angeles Rams Matthew Stafford
100%
2021 Los Angeles Rams Matthew Stafford
100%
2016 Atlanta Falcons Matt Ryan
100%
2012 Atlanta Falcons Matt Ryan
100%
2004 Atlanta Falcons Michael Vick
100%
1995 Pittsburgh Steelers Neil O'Donnell
100%
1994 Pittsburgh Steelers Neil O'Donnell
100%
2017 Philadelphia Eagles Nick Foles
100%
2024 Kansas City Chiefs Patrick Mahomes
100%
2023 Kansas City Chiefs Patrick Mahomes
100%
2022 Kansas City Chiefs Patrick Mahomes
100%
2021 Kansas City Chiefs Patrick Mahomes
100%
2020 Kansas City Chiefs Patrick Mahomes
100%
2019 Kansas City Chiefs Patrick Mahomes
100%
2018 Kansas City Chiefs Patrick Mahomes
100%
2015 Denver Broncos Peyton Manning
100%
2013 Denver Broncos Peyton Manning
100%
2009 Indianapolis Colts Peyton Manning
100%
2006 Indianapolis Colts Peyton Manning
100%
2003 Indianapolis Colts Peyton Manning
100%
2007 San Diego Chargers Philip Rivers
100%
1986 New York Giants Phil Simms
100%
1998 Minnesota Vikings Randall Cunningham
100%
2006 Chicago Bears Rex Grossman
100%
2002 Oakland Raiders Rich Gannon
100%
2000 Oakland Raiders Rich Gannon
100%
1978 Dallas Cowboys Roger Staubach
100%
1977 Dallas Cowboys Roger Staubach
100%
1975 Dallas Cowboys Roger Staubach
100%
1973 Dallas Cowboys Roger Staubach
100%
1972 Dallas Cowboys Roger Staubach
100%
1971 Dallas Cowboys Roger Staubach
100%
1980 Philadelphia Eagles Ron Jaworski
100%
2014 Seattle Seahawks Russell Wilson
100%
2013 Seattle Seahawks Russell Wilson
100%
2019 Tennessee Titans Ryan Tannehill
100%
2025 Seattle Seahawks Sam Darnold
100%
1994 San Diego Chargers Stan Humphries
100%
2002 Tennessee Titans Steve McNair
100%
1999 Tennessee Titans Steve McNair
100%
1997 San Francisco 49ers Steve Young
100%
1994 San Francisco 49ers Steve Young
100%
1993 San Francisco 49ers Steve Young
100%
1992 San Francisco 49ers Steve Young
100%
1979 Pittsburgh Steelers Terry Bradshaw
100%
1978 Pittsburgh Steelers Terry Bradshaw
100%
1976 Pittsburgh Steelers Terry Bradshaw
100%
1975 Pittsburgh Steelers Terry Bradshaw
100%
1974 Pittsburgh Steelers Terry Bradshaw
100%
1972 Pittsburgh Steelers Terry Bradshaw
100%
2020 Tampa Bay Buccaneers Tom Brady
100%
2018 New England Patriots Tom Brady
100%
2017 New England Patriots Tom Brady
100%
2016 New England Patriots Tom Brady
100%
2015 New England Patriots Tom Brady
100%
2014 New England Patriots Tom Brady
100%
2013 New England Patriots Tom Brady
100%
2012 New England Patriots Tom Brady
100%
2011 New England Patriots Tom Brady
100%
2007 New England Patriots Tom Brady
100%
2006 New England Patriots Tom Brady
100%
2004 New England Patriots Tom Brady
100%
2003 New England Patriots Tom Brady
100%
2001 New England Patriots Tom Brady
100%
1985 New England Patriots Tony Eason
100%
2000 Baltimore Ravens Trent Dilfer
100%
1995 Dallas Cowboys Troy Aikman
100%
1994 Dallas Cowboys Troy Aikman
100%
1993 Dallas Cowboys Troy Aikman
100%
1992 Dallas Cowboys Troy Aikman
100%
1979 Los Angeles Rams Vince Ferragamo
100%
1978 Los Angeles Rams Vince Ferragamo
100%
1998 New York Jets Vinny Testaverde
100%
1979 Houston Oilers Dan Pastorini
67%
1978 Houston Oilers Dan Pastorini
67%
1983 Seattle Seahawks Dave Krieg
67%
1985 Los Angeles Rams Dieter Brock
67%
1989 Los Angeles Rams Jim Everett
67%
1971 San Francisco 49ers John Brodie
67%
1970 San Francisco 49ers John Brodie
67%
1984 Pittsburgh Steelers Mark Malone
67%
1976 Los Angeles Rams Pat Haden
67%
1999 Tampa Bay Buccaneers Shaun King
67%
1984 Chicago Bears Steve Fuller
67%
1987 Minnesota Vikings Wade Wilson
67%
1969 Cleveland Browns Bill Nelsen
33%
1968 Cleveland Browns Bill Nelsen
33%
1977 Minnesota Vikings Bob Lee
33%
1966 Buffalo Bills Jack Kemp
33%
1975 Los Angeles Rams James Harris
33%
1974 Los Angeles Rams James Harris
33%
1990 Los Angeles Raiders Jay Schroeder
33%
1986 Washington Redkins Jay Schroeder
33%
1982 New York Jets Richard Todd
33%
1967 Houston Oilers Pete Beathard
0%
No matching quizzes found
Score Distribution
Percent of People with Each Score
Percentile by Number Answered
Your Score History
You have not taken this quiz since the last reset